Special report (Record no. 80662)

MARC details
000 -LEADER
fixed length control field 00764cab a22001815a 4500
001 - CONTROL NUMBER
control field L144951
008 - FIXED-LENGTH DATA ELEMENTS--GENERAL INFORMATION
fixed length control field 080826e20080822xxkabdof s 000 0 eng d
035 ## - SYSTEM CONTROL NUMBER
System control number (Sirsi) u144951
041 0# - LANGUAGE CODE
Language code of text/sound track or separate title eng
100 1# - MAIN ENTRY--PERSONAL NAME
Personal name Sandher, Hardeep
245 00 - TITLE STATEMENT
Title Special report
Remainder of title business and science parks
260 ## - PUBLICATION, DISTRIBUTION, ETC.
Date of publication, distribution, etc. 2008
490 ## - SERIES STATEMENT
Series statement Property Week
Volume/sequential designation 73(34) 22 August 2008, 57-64(5)
520 ## - SUMMARY, ETC.
Summary, etc. Special report looks at aspects of the business park and science park markets including activity data; the relative successes of science parks in the face of the current economic downturn and commentary on a possible oversupply in the business park market.
651 #4 - SUBJECT ADDED ENTRY--GEOGRAPHIC NAME
Geographic name England and Wales
Chronological subdivision 1543-
690 ## - LOCAL SUBJECT ADDED ENTRY--TOPICAL TERM (OCLC, RLIN)
Topical term or geographic name as entry element PROPERTY-COMMERCIAL PROPERTY-OFFICE PROPERTY-BUSINESS PARKS
942 ## - ADDED ENTRY ELEMENTS (KOHA)
Suppress in OPAC 0
Holdings
Withdrawn status Lost status Source of classification or shelving scheme Damaged status Not for loan Home library Current library Shelving location Date acquired Total Checkouts Full call number Barcode Date last seen Copy number Price effective from Koha item type
    Dewey Decimal Classification     London London Journal article 26/08/2008   L144951 144951-1001 06/08/2019 1 06/08/2019 Journal article